000 00577nam a2200205Ia 4500
001 15353
003 GE_BSU
008 181216s||||||||xx |||||||||||||| ||und||
040 _cGE_BSU
080 _a821.353.1-2
100 _aღონღაძე,შალვა(შაქრო)
245 _aპიესები
245 _cპ/მგ რედ. შ.დადიანი
260 _aთბილისი
260 _bაჭარსახელგამი
260 _c1942
300 _a182გვ,22სმ.
653 _aპიესები
942 _cBK
999 _c48459
_d48459